Jüngste Spieler von Schalke 04 in der Bundesliga (seit 2000) - Statistiken

Allgemein
  • Dieses Quiz wurde 155 mal gespielt
  • Das Durchschnittsergebnis liegt bei 15 aus 51
Antwortstatistiken
Jahr Alter Nationalität Spieler % Korrekt
2011 17 Jahre Deutschland Julian Draxler
93%
2013 17 Jahre Deutschland Max Meyer
83%
2014 18 Jahre Deutschland Leroy Sané
64%
2020 19 Jahre USA Matthew Hoppe
64%
2022 19 Jahre Deutschland Sidi Sané
64%
2017 18 Jahre USA Weston McKennie
60%
2009 18 Jahre Kamerun Joel Matip
59%
2013 18 Jahre Deutschland Leon Goretzka
54%
2019 18 Jahre Wales Rabbi Matondo
53%
2007 19 Jahre Deutschland Benedikt Höwedes
51%
2012 19 Jahre Bosnien &Herzegowina Sead Kolasinac
49%
2013 18 Jahre Türkei Kaan Ayhan
47%
2010 18 Jahre Griechenland Kyriakos Papadopoulos
46%
2018 18 Jahre Türkei/ Deutschland Ahmed Kutucu
44%
2023 19 Jahre Deutschland Keke Topp
44%
2007 19 Jahre Kroatien Ivan Rakitic
43%
2021 19 Jahre Türkei/ Deutschland Mehmet Aydın
39%
2006 17 Jahre Deutschland Mesut Özil
37%
2016 19 Jahre Schweiz Breel Embolo
36%
2019 19 Jahre Türkei Ozan Kabak
35%
2019 19 Jahre Marokko/ Deutschland Nassim Boujellab
30%
2019 19 Jahre Spanien Juan Miranda
29%
2008 19 Jahre Deutschland Ralf Fährmann
28%
2016 19 Jahre Deutschland Thilo Kehrer
28%
2020 18 Jahre Deutschland Malick Thiaw
26%
2019 18 Jahre Türkei/ Deutschland Levent Mercan
25%
2020 19 Jahre Deutschland/ Türkei Can Bozdoğan
24%
2016 19 Jahre Deutschland Alexander Nübel
22%
2009 18 Jahre Deutschland Lewis Holtby
21%
2015 17 Jahre Deutschland Fabian Reese
20%
2009 18 Jahre Georgien Levan Kenia
20%
2009 19 Jahre Tschechien Jan Moravek
18%
2015 19 Jahre Deutschland Felix Platte
17%
2015 19 Jahre Deutschland Timon Wellenreuther
17%
2016 19 Jahre Ghana Bernard Tekpetey
16%
2009 19 Jahre Deutschland Christoph Moritz
14%
2002 18 Jahre Deutschland Mike Hanke
14%
2006 19 Jahre Polen Sebastian Boenisch
13%
2021 18 Jahre Deutschland Kerim Calhanoglu
10%
2003 18 Jahre Deutschland Michael Delura
10%
2014 18 Jahre Deutschland Marvin Friedrich
9%
2006 19 Jahre Deutschland Alexander Baumjohann
8%
2021 19 Jahre Niederlande Jimmy Kaparos
8%
2003 18 Jahre Brasilien Alcides
6%
2009 19 Jahre Deutschland Danny Latza
6%
2005 19 Jahre Deutschland Tim Hoogland
6%
2021 18 Jahre Griechenland Vasilios Pavlidis
6%
2002 19 Jahre Tschechien Filip Trojan
4%
2021 19 Jahre Norwegen Mikail Maden
4%
2000 19 Jahre Ungarn Krisztián Szóllar
3%
2000 19 Jahre Deutschland Christian Mikolajczak
1%
Keine übereinstimmenden Quizze gefunden
Verteilung der Resultate
Anzahl Personen mit jedem Resultat
Perzentil nach korrekt beantworteten Fragen
Ihre Resultats-Entwicklung
Sie haben dieses Quiz noch nicht gespielt